Marketing Research (Record no. 88351)
[ view plain ]
| 000 -LEADER | |
|---|---|
| fixed length control field | 00509nam a2200205Ia 4500 |
| 005 - DATE AND TIME OF LATEST TRANSACTION | |
| control field | 20230202171108.0 |
| 008 - FIXED-LENGTH DATA ELEMENTS--GENERAL INFORMATION | |
| fixed length control field | 230125s9999 xx 000 0 und d |
| 020 ## - INTERNATIONAL STANDARD BOOK NUMBER | |
| International Standard Book Number | 0-07-062022-9 |
| 041 ## - LANGUAGE CODE | |
| Language code of text/sound track or separate title | eng |
| 082 ## - DEWEY DECIMAL CLASSIFICATION NUMBER | |
| Classification number | 658.838 |
| Item number | BER |
| 100 ## - MAIN ENTRY--PERSONAL NAME | |
| Author | Beri G C |
| 245 ## - TITLE STATEMENT | |
| Title | Marketing Research |
| 250 ## - EDITION STATEMENT | |
| Edition statement | 1st Ed. |
| 260 ## - PUBLICATION, DISTRIBUTION, ETC. | |
| Date of publication, distribution, etc. | 2011 |
| Name of publisher, distributor, etc. | Tata McGraw Hill |
| Place of publication, distribution, etc. | New Delhi |
| 300 ## - PHYSICAL DESCRIPTION | |
| Extent | 579p |
| 500 ## - GENERAL NOTE | |
| Keywords | Marketing research |
| 650 ## - SUBJECT ADDED ENTRY--TOPICAL TERM | |
| Topical term or geographic name entry element | Marketing research |
| 700 ## - ADDED ENTRY--PERSONAL NAME | |
| Personal name | Beri G C |
| 942 ## - ADDED ENTRY ELEMENTS (KOHA) | |
| Koha item type | Books |
| Withdrawn status | Lost status | Damaged status | Not for loan | Home library | Current library | Date acquired | Vendor | Net Price | Full call number | Barcode | Date last seen | Actual Price | Bill Date | Koha item type | Original Barcode | Total Checkouts | Bill number |
|---|---|---|---|---|---|---|---|---|---|---|---|---|---|---|---|---|---|
| Smt. Hiraben Nanavati Institute of Management & Research for Women | Smt. Hiraben Nanavati Institute of Management & Research for Women | 02/03/2016 | Donated Book- Outside Donar | 1.00 | 658.838 BER DB2563 | HIMR-DB-2563 | 25/01/2023 | 1.00 | 25/01/2023 | Donated Book | DB2563 | ||||||
| Withdrawn | Smt. Hiraben Nanavati Institute of Management & Research for Women | Smt. Hiraben Nanavati Institute of Management & Research for Women | 12/11/1997 | Popular Book House | 150.00 | 658.838 BER B00644 | HIMR-BK-644 | 25/01/2023 | 150.00 | 11/12/1997 | Books | B00644 | |||||
| Smt. Hiraben Nanavati Institute of Management & Research for Women | Smt. Hiraben Nanavati Institute of Management & Research for Women | 05/03/2012 | Satya Gilani | 225.00 | 658.838 BER B11054 | HIMR-BK-11054 | 25/01/2023 | 180.00 | 25/01/2023 | Books | B11054 | ||||||
| Smt. Hiraben Nanavati Institute of Management & Research for Women | Smt. Hiraben Nanavati Institute of Management & Research for Women | 05/03/2012 | Satya Gilani | 225.00 | 658.838 BER B11055 | HIMR-BK-11055 | 25/01/2023 | 180.00 | 25/01/2023 | Books | B11055 | ||||||
| Smt. Hiraben Nanavati Institute of Management & Research for Women | Smt. Hiraben Nanavati Institute of Management & Research for Women | 05/03/2012 | Satya Gilani | 225.00 | 658.838 BER B11056 | HIMR-BK-11056 | 25/01/2023 | 180.00 | 25/01/2023 | Books | B11056 | ||||||
| Smt. Hiraben Nanavati Institute of Management & Research for Women | Smt. Hiraben Nanavati Institute of Management & Research for Women | 05/03/2012 | Satya Gilani | 225.00 | 658.838 BER B11057 | HIMR-BK-11057 | 25/01/2023 | 180.00 | 25/01/2023 | Books | B11057 | ||||||
| Smt. Hiraben Nanavati Institute of Management & Research for Women | Smt. Hiraben Nanavati Institute of Management & Research for Women | 05/03/2012 | Satya Gilani | 225.00 | 658.838 BER B11058 | HIMR-BK-11058 | 25/01/2023 | 145.00 | 25/01/2023 | Books | B11058 | ||||||
| Smt. Hiraben Nanavati Institute of Management & Research for Women | Smt. Hiraben Nanavati Institute of Management & Research for Women | 14/09/2010 | Forward Books | 365.00 | 658.838 BER B08748 | HIMR-BK-8748 | 25/01/2023 | 285.00 | 30/08/2010 | Books | B08748 | 4073 | |||||
| Smt. Hiraben Nanavati Institute of Management & Research for Women | Smt. Hiraben Nanavati Institute of Management & Research for Women | 14/09/2010 | Forward Books | 365.00 | 658.838 BER B08750 | HIMR-BK-8750 | 25/01/2023 | 285.00 | 30/08/2010 | Books | B08750 | 4073 | |||||
| Smt. Hiraben Nanavati Institute of Management & Research for Women | Smt. Hiraben Nanavati Institute of Management & Research for Women | 14/09/2010 | Forward Books | 365.00 | 658.838 BER B08749 | HIMR-BK-8749 | 25/01/2023 | 285.00 | 30/08/2010 | Books | B08749 | 4073 |